| 000 | 00461pab a2200169 454500 | ||
|---|---|---|---|
| 008 | 180718b1974 xxu||||| |||| 00| 0 eng d | ||
| 100 | _aRosenbloom, David H. | ||
| 245 | _aPublic employment and the constitution: Recent judicial developments in USA | ||
| 260 | _c1974 | ||
| 300 | _ap.763-789. | ||
| 362 | _aOct-Dec | ||
| 650 | _aConstitutions | ||
| 650 | _aEmployment | ||
| 773 | _aIndian Journal of Public Administration | ||
| 908 | _aN | ||
| 909 | _a99898 | ||
| 999 |
_c99897 _d99897 |
||